[Event "Campeonato España Sub 10"]
[Site "Salobreña"]
[Date "2017.07.03"]
[Round "1"]
[White "Vila I Bague, Arnau"]
[Black "Ano Pla, Gerard"]
[Result "0-1"]
[Board "2"]
[WhiteElo "1178"]
[WhiteCountry "ESP"]
[WhiteFideId "24594199"]
[WhiteEloChange "-2"]
[BlackElo "1741"]
[BlackCountry "ESP"]
[BlackFideId "24560561"]
[BlackEloChange "2"]

1. c4 {[%clk 1:30:30]} e5 {[%clk 1:30:30]} 2. d3 {[%clk 1:30:30]} d6 {[%clk
1:30:30]} 3. g3 {[%clk 1:30:30]} Be6 {[%clk 1:30:30]} 4. Bg2 {[%clk 1:30:30]} Nc6
{[%clk 1:30:30]} 5. Nf3 {[%clk 1:30:30]} Be7 {[%clk 1:30:30]} 6. Nc3 {[%clk
1:30:30]} Qd7 {[%clk 1:30:30]} 7. Ng5 {[%clk 1:30:30]} Bxg5 {[%clk 1:30:30]} 8.
Bxg5 {[%clk 1:30:30]} h6 {[%clk 1:30:30]} 9. Bd2 {[%clk 1:30:30]} Bh3 {[%clk
1:30:30]} 10. O-O {[%clk 1:30:30]} Bxg2 {[%clk 1:30:30]} 11. Kxg2 {[%clk
1:30:30]} Nge7 {[%clk 1:30:30]} 12. f4 {[%clk 1:30:30]} O-O {[%clk 1:30:30]} 13.
e4 {[%clk 1:30:30]} f5 {[%clk 1:30:30]} 14. h3 {[%clk 1:30:30]} exf4 {[%clk
1:30:30]} 15. Bxf4 {[%clk 1:30:30]} Ne5 {[%clk 1:30:30]} 16. b3 {[%clk 1:30:30]}
fxe4 {[%clk 1:30:30]} 17. Nxe4 {[%clk 1:30:30]} Nf5 {[%clk 1:30:30]} 18. d4
{[%clk 1:30:30]} Ng6 {[%clk 1:30:30]} 19. Bc1 {[%clk 1:30:30]} Rae8 {[%clk
1:30:30]} 20. Qg4 {[%clk 1:30:30]} Qe6 {[%clk 1:30:30]} 21. Re1 {[%clk 1:30:30]}
Qf7 {[%clk 1:30:30]} 22. d5 {[%clk 1:30:30]} Ne5 {[%clk 1:30:30]} 23. Qe2 {[%clk
1:30:30]} Nd4 {[%clk 1:30:30]} 24. Qd1 {[%clk 1:30:30]} Qf3+ {[%clk 1:30:30]} 25.
Qxf3 {[%clk 1:30:30]} Nexf3 {[%clk 1:30:30]} 26. Re3 {[%clk 1:30:30]} Nc2 {[%clk
1:30:30]} 27. Rxf3 {[%clk 1:30:30]} Rxf3 {[%clk 1:30:30]} 28. Kxf3 {[%clk
1:30:30]} Nxa1 {[%clk 1:30:30]} 29. Ke3 {[%clk 1:30:30]} Nc2+ {[%clk 1:30:30]}
30. Kf3 {[%clk 1:30:30]} Nb4 {[%clk 1:30:30]} 31. a3 {[%clk 1:30:30]} Nd3 {[%clk
1:30:30]} 32. Be3 {[%clk 1:30:30]} Kf7 {[%clk 1:30:30]} 33. g4 {[%clk 1:30:30]}
Kg6 {[%clk 1:30:30]} 34. h4 {[%clk 1:30:30]} Ne1+ {[%clk 1:30:30]} 35. Kf4 {[%clk
1:30:30]} Ng2+ {[%clk 1:30:30]} 36. Kf3 {[%clk 1:30:30]} Nxh4+ {[%clk 1:30:30]}
37. Kf4 {[%clk 1:30:30]} Ng2+ {[%clk 1:30:30]} 38. Kf3 {[%clk 1:30:30]} Nxe3
{[%clk 1:30:30]} 39. Kxe3 {[%clk 1:30:30]} h5 {[%clk 1:30:30]} 40. gxh5+ {[%clk
1:30:30]} Kxh5 {[%clk 1:30:30]} 41. Kf3 {[%clk 1:30:30]} Rxe4 {[%clk 1:30:30]}
42. Kxe4 {[%clk 1:30:30]} Kg4 {[%clk 1:30:30]} 43. a4 {[%clk 1:30:30]} a5 {[%clk
1:30:30]} 44. Kd4 {[%clk 1:30:30]} b6 {[%clk 1:30:30]} 45. Ke4 {[%clk 1:30:30]}
g5 {[%clk 1:30:30]} 46. Ke3 {[%clk 1:30:30]} Kg3 {[%clk 1:30:30]} 47. Ke4 {[%clk
1:30:30]} g4 {[%clk 1:30:30]} 48. Kf5 {[%clk 1:30:30]} Kf3 {[%clk 1:30:30]} 49.
Ke6 {[%clk 1:30:30]} g3 {[%clk 1:30:30]} 50. Kd7 {[%clk 1:30:30]} g2 {[%clk
1:30:30]} 51. Kxc7 {[%clk 1:30:30]} g1Q {[%clk 1:30:30]} 52. Kxd6 {[%clk
1:30:30]} Qc5+ {[%clk 1:30:30]} 53. Kd7 {[%clk 1:30:30]} Ke4 {[%clk 1:30:30]} 54.
Ke6 {[%clk 1:30:30]} Qc8+ {[%clk 1:30:30]} 55. Ke7 {[%clk 1:30:30]} Ke5 {[%clk
1:30:30]} 56. d6 {[%clk 1:30:30]} Qc5 {[%clk 1:30:30]} 57. Kd7 {[%clk 1:30:30]}
Qxd6+ {[%clk 1:30:30]} 58. Kc8 {[%clk 1:30:30]} Qc6+ {[%clk 1:30:30]} 59. Kb8
{[%clk 1:30:30]} Kd6 {[%clk 1:30:30]} 60. Ka7 {[%clk 1:30:30]} Kc7 {[%clk
1:30:30]} 61. Ka6 {[%clk 1:30:30]} b5+ {[%clk 1:30:30]} 62. Kxa5 {[%clk 1:30:30]}
bxc4 {[%clk 1:30:30]} 63. Kb4 {[%clk 1:30:30]} c3 {[%clk 1:30:30]} 64. a5 {[%clk
1:30:30]} c2 {[%clk 1:30:30]} 65. a6 {[%clk 1:30:30]} c1Q {[%clk 1:30:30]} 66. a7
{[%clk 1:30:30]} Qb6+ {[%clk 1:30:30]} 67. Ka4 {[%clk 1:30:30]} Qa1# {[%clk
1:30:30]} 0-1

[Event "Campeonato España Sub 10"]
[Site "Salobreña"]
[Date "2017.07.03"]
[Round "1"]
[White "Andres Iniguez, Iker"]
[Black "Gardner, Leo"]
[Result "1-0"]
[Board "3"]
[WhiteElo "1709"]
[WhiteCountry "ESP"]
[WhiteFideId "24580740"]
[WhiteEloChange "2"]
[BlackElo "1176"]
[BlackCountry "ESP"]
[BlackFideId "24585432"]
[BlackEloChange "-2"]

1. d4 {[%clk 1:30:30]} Nf6 {[%clk 1:30:30]} 2. Nf3 {[%clk 1:30:30]} d5 {[%clk
1:30:30]} 3. e3 {[%clk 1:30:30]} Bf5 {[%clk 1:30:30]} 4. Bd3 {[%clk 1:30:30]} Bg6
{[%clk 1:30:30]} 5. O-O {[%clk 1:30:30]} e6 {[%clk 1:30:30]} 6. Nbd2 {[%clk
1:30:30]} Bxd3 {[%clk 1:30:30]} 7. cxd3 {[%clk 1:30:30]} Bd6 {[%clk 1:30:30]} 8.
Qb3 {[%clk 1:30:30]} b6 {[%clk 1:30:30]} 9. e4 {[%clk 1:30:30]} Be7 {[%clk
1:30:30]} 10. Ne5 {[%clk 1:30:30]} dxe4 {[%clk 1:30:30]} 11. Qb5+ {[%clk
1:30:30]} Nfd7 {[%clk 1:30:30]} 12. dxe4 {[%clk 1:30:30]} a6 {[%clk 1:30:30]} 13.
Qa4 {[%clk 1:30:30]} b5 {[%clk 1:30:30]} 14. Qc2 {[%clk 1:30:30]} Nxe5 {[%clk
1:30:30]} 15. dxe5 {[%clk 1:30:30]} Nd7 {[%clk 1:30:30]} 16. Nf3 {[%clk 1:30:30]}
O-O {[%clk 1:30:30]} 17. Rd1 {[%clk 1:30:30]} c5 {[%clk 1:30:30]} 18. Be3 {[%clk
1:30:30]} Qc7 {[%clk 1:30:30]} 19. Rac1 {[%clk 1:30:30]} Rac8 {[%clk 1:30:30]}
20. g3 {[%clk 1:30:30]} Nxe5 {[%clk 1:30:30]} 21. Nxe5 {[%clk 1:30:30]} Qxe5
{[%clk 1:30:30]} 22. Rd7 {[%clk 1:30:30]} Rfe8 {[%clk 1:30:30]} 23. Ra7 {[%clk
1:30:30]} Rc6 {[%clk 1:30:30]} 24. Rd1 {[%clk 1:30:30]} Rd6 {[%clk 1:30:30]} 25.
Rd7 {[%clk 1:30:30]} Rxd1+ {[%clk 1:30:30]} 26. Qxd1 {[%clk 1:30:30]} h6 {[%clk
1:30:30]} 27. Rxe7 {[%clk 1:30:30]} Rxe7 {[%clk 1:30:30]} 28. Qd8+ {[%clk
1:30:30]} Kh7 {[%clk 1:30:30]} 29. Qxe7 {[%clk 1:30:30]} Qxe4 {[%clk 1:30:30]}
30. Qxc5 {[%clk 1:30:30]} Qb1+ {[%clk 1:30:30]} 31. Qc1 {[%clk 1:30:30]} Qxa2
{[%clk 1:30:30]} 32. Qc2+ {[%clk 1:30:30]} Kh8 {[%clk 1:30:30]} 33. Qc3 {[%clk
1:30:30]} Qb1+ {[%clk 1:30:30]} 34. Kg2 {[%clk 1:30:30]} Qe4+ {[%clk 1:30:30]}
35. f3 {[%clk 1:30:30]} Qc4 {[%clk 1:30:30]} 36. Qxc4 {[%clk 1:30:30]} bxc4
{[%clk 1:30:30]} 37. Bd4 {[%clk 1:30:30]} Kh7 {[%clk 1:30:30]} 38. h4 {[%clk
1:30:30]} f6 {[%clk 1:30:30]} 39. f4 {[%clk 1:30:30]} Kg8 {[%clk 1:30:30]} 40.
Kf3 {[%clk 1:30:30]} Kf7 {[%clk 1:30:30]} 41. g4 {[%clk 1:30:30]} Ke7 {[%clk
1:30:30]} 42. Bc5+ {[%clk 1:30:30]} Kd7 {[%clk 1:30:30]} 43. Ke4 {[%clk 1:30:30]}
Kc6 {[%clk 1:30:30]} 44. Kd4 {[%clk 1:30:30]} e5+ {[%clk 1:30:30]} 45. fxe5
{[%clk 1:30:30]} fxe5+ {[%clk 1:30:30]} 46. Kxc4 {[%clk 1:30:30]} g6 {[%clk
1:30:30]} 47. h5 {[%clk 1:30:30]} gxh5 {[%clk 1:30:30]} 48. gxh5 {[%clk 1:30:30]}
e4 {[%clk 1:30:30]} 49. Bf8 {[%clk 1:30:30]} e3 {[%clk 1:30:30]} 50. Kd3 {[%clk
1:30:30]} e2 {[%clk 1:30:30]} 51. Kxe2 {[%clk 1:30:30]} Kd5 {[%clk 1:30:30]} 52.
Bxh6 {[%clk 1:30:30]} Ke6 {[%clk 1:30:30]} 53. Bg5 {[%clk 1:30:30]} Kf7 {[%clk
1:30:30]} 54. b4 {[%clk 1:30:30]} Kg7 {[%clk 1:30:30]} 55. Kd3 {[%clk 1:30:30]}
Kh7 {[%clk 1:30:30]} 56. Kc4 {[%clk 1:30:30]} Kg7 {[%clk 1:30:30]} 57. Kc5 {[%clk
1:30:30]} Kh7 {[%clk 1:30:30]} 58. Kb6 {[%clk 1:30:30]} Kg7 {[%clk 1:30:30]} 59.
Kxa6 {[%clk 1:30:30]} Kh7 {[%clk 1:30:30]} 60. b5 {[%clk 1:30:30]} 1-0

[Event "Campeonato España Sub 10"]
[Site "Salobreña"]
[Date "2017.07.03"]
[Round "1"]
[White "Antuna Pavon, Lucas"]
[Black "Ermachenko, Manuel"]
[Result "0-1"]
[Board "4"]
[WhiteElo "1175"]
[WhiteCountry "ESP"]
[WhiteFideId "24575747"]
[WhiteEloChange "-2"]
[BlackElo "1678"]
[BlackCountry "ESP"]
[BlackFideId "24560952"]
[BlackEloChange "2"]

1. e4 {[%clk 1:30:30]} c5 {[%clk 1:30:30]} 2. Nf3 {[%clk 1:30:30]} e6 {[%clk
1:30:30]} 3. d4 {[%clk 1:30:30]} cxd4 {[%clk 1:30:30]} 4. Nxd4 {[%clk 1:30:30]}
a6 {[%clk 1:30:30]} 5. Nc3 {[%clk 1:30:30]} Qc7 {[%clk 1:30:30]} 6. Be3 {[%clk
1:30:30]} Nf6 {[%clk 1:30:30]} 7. Bd3 {[%clk 1:30:30]} b5 {[%clk 1:30:30]} 8. f4
{[%clk 1:30:30]} Bb7 {[%clk 1:30:30]} 9. Qe2 {[%clk 1:30:30]} b4 {[%clk 1:30:30]}
10. Nd1 {[%clk 1:30:30]} Nxe4 {[%clk 1:30:30]} 11. Qg4 {[%clk 1:30:30]} Nf6
{[%clk 1:30:30]} 12. Qh3 {[%clk 1:30:30]} Bd6 {[%clk 1:30:30]} 13. Rf1 {[%clk
1:30:30]} Nc6 {[%clk 1:30:30]} 14. Ne2 {[%clk 1:30:30]} Nd5 {[%clk 1:30:30]} 15.
Qg3 {[%clk 1:30:30]} O-O {[%clk 1:30:30]} 16. Qh4 {[%clk 1:30:30]} g6 {[%clk
1:30:30]} 17. Rf3 {[%clk 1:30:30]} Nxe3 {[%clk 1:30:30]} 18. Nxe3 {[%clk
1:30:30]} f5 {[%clk 1:30:30]} 19. Rh3 {[%clk 1:30:30]} Rf7 {[%clk 1:30:30]} 20.
Rg3 {[%clk 1:30:30]} Re8 {[%clk 1:30:30]} 21. Nxf5 {[%clk 1:30:30]} exf5 {[%clk
1:30:30]} 22. Bc4 {[%clk 1:30:30]} Rxe2+ {[%clk 1:30:30]} 23. Kxe2 {[%clk
1:30:30]} Nd4+ {[%clk 1:30:30]} 24. Kf2 {[%clk 1:30:30]} Qxc4 {[%clk 1:30:30]}
25. Qd8+ {[%clk 1:30:30]} Bf8 {[%clk 1:30:30]} 26. Re1 {[%clk 1:30:30]} Qxc2+
{[%clk 1:30:30]} 27. Kf1 {[%clk 1:30:30]} Ne6 {[%clk 1:30:30]} 28. Qb6 {[%clk
1:30:30]} Qc4+ {[%clk 1:30:30]} 29. Re2 {[%clk 1:30:30]} Nxf4 {[%clk 1:30:30]}
30. Qf2 {[%clk 1:30:30]} Nxe2 {[%clk 1:30:30]} 31. Qxe2 {[%clk 1:30:30]} Qc1+
{[%clk 1:30:30]} 32. Kf2 {[%clk 1:30:30]} Bc5+ {[%clk 1:30:30]} 0-1

[Event "Campeonato España Sub 10"]
[Site "Salobreña"]
[Date "2017.07.03"]
[Round "1"]
[White "Habans Aguerrea, Javier"]
[Black "Dieguez Novoa, Pura"]
[Result "1-0"]
[Board "5"]
[WhiteElo "1676"]
[WhiteCountry "ESP"]
[WhiteFideId "24524689"]
[WhiteEloChange "2"]
[BlackElo "1137"]
[BlackCountry "ESP"]
[BlackFideId "1949403"]
[BlackEloChange "-2"]

1. d4 {[%clk 1:30:30]} Nf6 {[%clk 1:30:30]} 2. Bg5 {[%clk 1:30:30]} g6 {[%clk
1:30:30]} 3. Bxf6 {[%clk 1:30:30]} exf6 {[%clk 1:30:30]} 4. g3 {[%clk 1:30:30]}
Bg7 {[%clk 1:30:30]} 5. Bg2 {[%clk 1:30:30]} d6 {[%clk 1:30:30]} 6. e3 {[%clk
1:30:30]} Nd7 {[%clk 1:30:30]} 7. Nd2 {[%clk 1:30:30]} f5 {[%clk 1:30:30]} 8. Ne2
{[%clk 1:30:30]} Nf6 {[%clk 1:30:30]} 9. O-O {[%clk 1:30:30]} O-O {[%clk
1:30:30]} 10. c4 {[%clk 1:30:30]} c6 {[%clk 1:30:30]} 11. b4 {[%clk 1:30:30]} Rb8
{[%clk 1:30:30]} 12. a4 {[%clk 1:30:30]} a6 {[%clk 1:30:30]} 13. Rb1 {[%clk
1:30:30]} d5 {[%clk 1:30:30]} 14. c5 {[%clk 1:30:30]} b6 {[%clk 1:30:30]} 15. Nc3
{[%clk 1:30:30]} bxc5 {[%clk 1:30:30]} 16. bxc5 {[%clk 1:30:30]} Rxb1 {[%clk
1:30:30]} 17. Qxb1 {[%clk 1:30:30]} Ne4 {[%clk 1:30:30]} 18. Ndxe4 {[%clk
1:30:30]} fxe4 {[%clk 1:30:30]} 19. Qb6 {[%clk 1:30:30]} Qd7 {[%clk 1:30:30]} 20.
Rb1 {[%clk 1:30:30]} Qe6 {[%clk 1:30:30]} 21. Qc7 {[%clk 1:30:30]} Bd7 {[%clk
1:30:30]} 22. Rb7 {[%clk 1:30:30]} Bc8 {[%clk 1:30:30]} 23. Rb6 {[%clk 1:30:30]}
Bd7 {[%clk 1:30:30]} 24. Rxa6 {[%clk 1:30:30]} Rc8 {[%clk 1:30:30]} 25. Qb6
{[%clk 1:30:30]} Qe8 {[%clk 1:30:30]} 26. Ra7 {[%clk 1:30:30]} Be6 {[%clk
1:30:30]} 27. a5 {[%clk 1:30:30]} Ra8 {[%clk 1:30:30]} 28. a6 {[%clk 1:30:30]}
Rxa7 {[%clk 1:30:30]} 29. Qxa7 {[%clk 1:30:30]} Bc8 {[%clk 1:30:30]} 30. Qb8
{[%clk 1:30:30]} Kf8 {[%clk 1:30:30]} 31. a7 {[%clk 1:30:30]} Qd7 {[%clk
1:30:30]} 32. a8Q {[%clk 1:30:30]} Ke7 {[%clk 1:30:30]} 33. Qxc8 {[%clk 1:30:30]}
Qxc8 {[%clk 1:30:30]} 34. Qxc8 {[%clk 1:30:30]} f5 {[%clk 1:30:30]} 35. Qxc6
{[%clk 1:30:30]} Kf7 {[%clk 1:30:30]} 36. Qd7+ {[%clk 1:30:30]} Kf8 {[%clk
1:30:30]} 37. c6 {[%clk 1:30:30]} Bf6 {[%clk 1:30:30]} 38. c7 {[%clk 1:30:30]}
Be7 {[%clk 1:30:30]} 39. c8Q+ {[%clk 1:30:30]} Kf7 {[%clk 1:30:30]} 40. Qxe7+
{[%clk 1:30:30]} Kxe7 {[%clk 1:30:30]} 41. Nxd5+ {[%clk 1:30:30]} Kf7 {[%clk
1:30:30]} 42. Qd7+ {[%clk 1:30:30]} Kf8 {[%clk 1:30:30]} 43. Qe7+ {[%clk
1:30:30]} Kg8 {[%clk 1:30:30]} 44. Nf6+ {[%clk 1:30:30]} Kh8 {[%clk 1:30:30]} 45.
Qxh7# {[%clk 1:30:30]} 1-0

[Event "Campeonato España Sub 10"]
[Site "Salobreña"]
[Date "2017.07.03"]
[Round "1"]
[White "Tosun Martinez, Enrique"]
[Black "Vergara Anton, Diego"]
[Result "0-1"]
[Board "6"]
[WhiteElo "1166"]
[WhiteCountry "ESP"]
[WhiteFideId "24558923"]
[WhiteEloChange "-2"]
[BlackElo "1628"]
[BlackCountry "ESP"]
[BlackFideId "24524310"]
[BlackEloChange "2"]

1. d4 {[%clk 1:30:30]} d5 {[%clk 1:30:30]} 2. Nf3 {[%clk 1:30:30]} e6 {[%clk
1:30:30]} 3. Bf4 {[%clk 1:30:30]} Nf6 {[%clk 1:30:30]} 4. e3 {[%clk 1:30:30]} Be7
{[%clk 1:30:30]} 5. Bd3 {[%clk 1:30:30]} O-O {[%clk 1:30:30]} 6. Nbd2 {[%clk
1:30:30]} Nbd7 {[%clk 1:30:30]} 7. Ne5 {[%clk 1:30:30]} c5 {[%clk 1:30:30]} 8. c3
{[%clk 1:30:30]} Qb6 {[%clk 1:30:30]} 9. Rb1 {[%clk 1:30:30]} cxd4 {[%clk
1:30:30]} 10. cxd4 {[%clk 1:30:30]} Re8 {[%clk 1:30:30]} 11. g4 {[%clk 1:30:30]}
Nxe5 {[%clk 1:30:30]} 12. dxe5 {[%clk 1:30:30]} Nd7 {[%clk 1:30:30]} 13. h4
{[%clk 1:30:30]} Nc5 {[%clk 1:30:30]} 14. Qc2 {[%clk 1:30:30]} Nxd3+ {[%clk
1:30:30]} 15. Qxd3 {[%clk 1:30:30]} Bd7 {[%clk 1:30:30]} 16. g5 {[%clk 1:30:30]}
Qb5 {[%clk 1:30:30]} 17. Qxb5 {[%clk 1:30:30]} Bxb5 {[%clk 1:30:30]} 18. h5
{[%clk 1:30:30]} Rac8 {[%clk 1:30:30]} 19. Kd1 {[%clk 1:30:30]} Bd3 {[%clk
1:30:30]} 20. Rc1 {[%clk 1:30:30]} Rxc1+ {[%clk 1:30:30]} 21. Kxc1 {[%clk
1:30:30]} Rc8+ {[%clk 1:30:30]} 22. Kd1 {[%clk 1:30:30]} Rc2 {[%clk 1:30:30]} 23.
Rg1 {[%clk 1:30:30]} Rxb2 {[%clk 1:30:30]} 24. g6 {[%clk 1:30:30]} Rxa2 {[%clk
1:30:30]} 25. Nb3 {[%clk 1:30:30]} Bc2+ {[%clk 1:30:30]} 26. Ke2 {[%clk 1:30:30]}
Bxb3+ {[%clk 1:30:30]} 27. Kf3 {[%clk 1:30:30]} a5 {[%clk 1:30:30]} 28. Rb1
{[%clk 1:30:30]} a4 {[%clk 1:30:30]} 29. Kg3 {[%clk 1:30:30]} hxg6 {[%clk
1:30:30]} 30. hxg6 {[%clk 1:30:30]} fxg6 {[%clk 1:30:30]} 31. Kg2 {[%clk
1:30:30]} b5 {[%clk 1:30:30]} 32. Bh2 {[%clk 1:30:30]} Bc4 {[%clk 1:30:30]} 33.
Kg3 {[%clk 1:30:30]} b4 {[%clk 1:30:30]} 34. Bg1 {[%clk 1:30:30]} b3 {[%clk
1:30:30]} 35. Bh2 {[%clk 1:30:30]} b2 {[%clk 1:30:30]} 36. Kf3 {[%clk 1:30:30]}
Bd3 {[%clk 1:30:30]} 37. Rxb2 {[%clk 1:30:30]} Rxb2 {[%clk 1:30:30]} 38. Bf4
{[%clk 1:30:30]} a3 {[%clk 1:30:30]} 39. Bg3 {[%clk 1:30:30]} a2 {[%clk 1:30:30]}
40. Bf4 {[%clk 1:30:30]} a1Q {[%clk 1:30:30]} 41. Kg2 {[%clk 1:30:30]} Qf1+
{[%clk 1:30:30]} 42. Kg3 {[%clk 1:30:30]} Qxf2+ {[%clk 1:30:30]} 43. Kg4 {[%clk
1:30:30]} Bf5# {[%clk 1:30:30]} 0-1

[Event "Campeonato España Sub 10"]
[Site "Salobreña"]
[Date "2017.07.03"]
[Round "1"]
[White "Martinez Rodriguez, Francisco Sa"]
[Black "Bellver Gorshenin, Maxim"]
[Result "0-1"]
[Board "8"]
[WhiteElo "1155"]
[WhiteCountry "ESP"]
[WhiteFideId "24534714"]
[WhiteEloChange "-2"]
[BlackElo "1595"]
[BlackCountry "ESP"]
[BlackFideId "24538671"]
[BlackEloChange "2"]

1. e4 {[%clk 1:30:30]} e5 {[%clk 1:30:30]} 2. Nf3 {[%clk 1:30:30]} Nc6 {[%clk
1:30:30]} 3. Bc4 {[%clk 1:30:30]} Bc5 {[%clk 1:30:30]} 4. d3 {[%clk 1:30:30]} Nf6
{[%clk 1:30:30]} 5. Bg5 {[%clk 1:30:30]} d6 {[%clk 1:30:30]} 6. h3 {[%clk
1:30:30]} h6 {[%clk 1:30:30]} 7. Bh4 {[%clk 1:30:30]} Be6 {[%clk 1:30:30]} 8. Bb3
{[%clk 1:30:30]} Qd7 {[%clk 1:30:30]} 9. Nbd2 {[%clk 1:30:30]} O-O-O {[%clk
1:30:30]} 10. Qe2 {[%clk 1:30:30]} Rhg8 {[%clk 1:30:30]} 11. O-O-O {[%clk
1:30:30]} g5 {[%clk 1:30:30]} 12. Bg3 {[%clk 1:30:30]} Nh5 {[%clk 1:30:30]} 13.
Bh2 {[%clk 1:30:30]} Nf4 {[%clk 1:30:30]} 14. Bxf4 {[%clk 1:30:30]} gxf4 {[%clk
1:30:30]} 15. Rhg1 {[%clk 1:30:30]} Rg7 {[%clk 1:30:30]} 16. Kb1 {[%clk 1:30:30]}
Rdg8 {[%clk 1:30:30]} 17. Bxe6 {[%clk 1:30:30]} Qxe6 {[%clk 1:30:30]} 18. Ne1
{[%clk 1:30:30]} Nd4 {[%clk 1:30:30]} 19. Qf1 {[%clk 1:30:30]} f5 {[%clk
1:30:30]} 20. c3 {[%clk 1:30:30]} Nc6 {[%clk 1:30:30]} 21. Rh1 {[%clk 1:30:30]}
Bb6 {[%clk 1:30:30]} 22. Rc1 {[%clk 1:30:30]} Ne7 {[%clk 1:30:30]} 23. Ndf3
{[%clk 1:30:30]} fxe4 {[%clk 1:30:30]} 24. dxe4 {[%clk 1:30:30]} d5 {[%clk
1:30:30]} 25. exd5 {[%clk 1:30:30]} Nxd5 {[%clk 1:30:30]} 26. Ka1 {[%clk
1:30:30]} e4 {[%clk 1:30:30]} 27. Nd4 {[%clk 1:30:30]} Qe5 {[%clk 1:30:30]} 28.
Qc4 {[%clk 1:30:30]} e3 {[%clk 1:30:30]} 29. Nef3 {[%clk 1:30:30]} Qe4 {[%clk
1:30:30]} 30. Rce1 {[%clk 1:30:30]} Bxd4 {[%clk 1:30:30]} 31. Nxd4 {[%clk
1:30:30]} Rxg2 {[%clk 1:30:30]} 32. fxe3 {[%clk 1:30:30]} fxe3 {[%clk 1:30:30]}
33. a3 {[%clk 1:30:30]} e2 {[%clk 1:30:30]} 34. Ka2 {[%clk 1:30:30]} Nb6 {[%clk
1:30:30]} 35. Qc5 {[%clk 1:30:30]} a6 {[%clk 1:30:30]} 36. Nb3 {[%clk 1:30:30]}
Qd3 {[%clk 1:30:30]} 37. Qh5 {[%clk 1:30:30]} Qc2 {[%clk 1:30:30]} 38. Qe5 {[%clk
1:30:30]} Na4 {[%clk 1:30:30]} 39. Rb1 {[%clk 1:30:30]} Kb8 {[%clk 1:30:30]} 40.
Qe3 {[%clk 1:30:30]} e1Q {[%clk 1:30:30]} 41. Rhxe1 {[%clk 1:30:30]} Nxc3+ {[%clk
1:30:30]} 42. Qxc3 {[%clk 1:30:30]} Qxc3 {[%clk 1:30:30]} 43. Rec1 {[%clk
1:30:30]} Qe5 {[%clk 1:30:30]} 44. Re1 {[%clk 1:30:30]} Rxb2+ {[%clk 1:30:30]}
45. Rxb2 {[%clk 1:30:30]} Qxe1 {[%clk 1:30:30]} 46. Nc5 {[%clk 1:30:30]} Qh1
{[%clk 1:30:30]} 47. Nxa6+ {[%clk 1:30:30]} Kc8 {[%clk 1:30:30]} 48. Nc5 {[%clk
1:30:30]} Qd5+ {[%clk 1:30:30]} 49. Nb3 {[%clk 1:30:30]} Rg3 {[%clk 1:30:30]} 50.
h4 {[%clk 1:30:30]} c5 {[%clk 1:30:30]} 51. a4 {[%clk 1:30:30]} c4 {[%clk
1:30:30]} 52. Na5 {[%clk 1:30:30]} c3+ {[%clk 1:30:30]} 53. Rb3 {[%clk 1:30:30]}
c2 {[%clk 1:30:30]} 54. Nxb7 {[%clk 1:30:30]} Qxb3+ {[%clk 1:30:30]} 55. Ka1
{[%clk 1:30:30]} Rg1# {[%clk 1:30:30]} 0-1

[Event "Campeonato España Sub 10"]
[Site "Salobreña"]
[Date "2017.07.03"]
[Round "1"]
[White "Villanueva Marquez, Santiago"]
[Black "Clotet Mas, Dan"]
[Result "1-0"]
[Board "9"]
[WhiteElo "1517"]
[WhiteCountry "ESP"]
[WhiteFideId "24560359"]
[WhiteEloChange "2"]
[BlackElo "1138"]
[BlackCountry "ESP"]
[BlackFideId "24560570"]
[BlackEloChange "-2"]

1. c4 {[%clk 1:30:30]} Nf6 {[%clk 1:30:30]} 2. d4 {[%clk 1:30:30]} g6 {[%clk
1:30:30]} 3. Nc3 {[%clk 1:30:30]} d6 {[%clk 1:30:30]} 4. e3 {[%clk 1:30:30]} Bg7
{[%clk 1:30:30]} 5. Nge2 {[%clk 1:30:30]} O-O {[%clk 1:30:30]} 6. g3 {[%clk
1:30:30]} Bd7 {[%clk 1:30:30]} 7. Bg2 {[%clk 1:30:30]} Bc6 {[%clk 1:30:30]} 8. d5
{[%clk 1:30:30]} Bd7 {[%clk 1:30:30]} 9. O-O {[%clk 1:30:30]} c6 {[%clk 1:30:30]}
10. Qb3 {[%clk 1:30:30]} Qc8 {[%clk 1:30:30]} 11. Bd2 {[%clk 1:30:30]} c5 {[%clk
1:30:30]} 12. Rac1 {[%clk 1:30:30]} b6 {[%clk 1:30:30]} 13. Rfe1 {[%clk 1:30:30]}
Na6 {[%clk 1:30:30]} 14. a3 {[%clk 1:30:30]} Nc7 {[%clk 1:30:30]} 15. e4 {[%clk
1:30:30]} Bh3 {[%clk 1:30:30]} 16. Nf4 {[%clk 1:30:30]} Bxg2 {[%clk 1:30:30]} 17.
Nxg2 {[%clk 1:30:30]} Rb8 {[%clk 1:30:30]} 18. Nb5 {[%clk 1:30:30]} Nxb5 {[%clk
1:30:30]} 19. Qxb5 {[%clk 1:30:30]} a6 {[%clk 1:30:30]} 20. Qb3 {[%clk 1:30:30]}
h6 {[%clk 1:30:30]} 21. Qc2 {[%clk 1:30:30]} g5 {[%clk 1:30:30]} 22. Ne3 {[%clk
1:30:30]} Qh3 {[%clk 1:30:30]} 23. Bc3 {[%clk 1:30:30]} Qd7 {[%clk 1:30:30]} 24.
Bxf6 {[%clk 1:30:30]} Bxf6 {[%clk 1:30:30]} 25. Nf5 {[%clk 1:30:30]} Bg7 {[%clk
1:30:30]} 26. Nxg7 {[%clk 1:30:30]} Kxg7 {[%clk 1:30:30]} 27. Qe2 {[%clk
1:30:30]} e5 {[%clk 1:30:30]} 28. Kg2 {[%clk 1:30:30]} f5 {[%clk 1:30:30]} 29.
Rc3 {[%clk 1:30:30]} g4 {[%clk 1:30:30]} 30. Rf1 {[%clk 1:30:30]} Qf7 {[%clk
1:30:30]} 31. f3 {[%clk 1:30:30]} Qh5 {[%clk 1:30:30]} 32. exf5 {[%clk 1:30:30]}
Qxf5 {[%clk 1:30:30]} 33. fxg4 {[%clk 1:30:30]} Qxf1+ {[%clk 1:30:30]} 34. Qxf1
{[%clk 1:30:30]} Rxf1 {[%clk 1:30:30]} 35. Kxf1 {[%clk 1:30:30]} Rf8+ {[%clk
1:30:30]} 36. Ke2 {[%clk 1:30:30]} Kg6 {[%clk 1:30:30]} 37. Rb3 {[%clk 1:30:30]}
Rb8 {[%clk 1:30:30]} 38. Rf3 {[%clk 1:30:30]} b5 {[%clk 1:30:30]} 39. Rb3 {[%clk
1:30:30]} Kg5 {[%clk 1:30:30]} 40. h3 {[%clk 1:30:30]} Rc8 {[%clk 1:30:30]} 41.
cxb5 {[%clk 1:30:30]} c4 {[%clk 1:30:30]} 42. Rc3 {[%clk 1:30:30]} axb5 {[%clk
1:30:30]} 43. Kd2 {[%clk 1:30:30]} Rc5 {[%clk 1:30:30]} 44. Ke3 {[%clk 1:30:30]}
Rxd5 {[%clk 1:30:30]} 45. b3 {[%clk 1:30:30]} Rd4 {[%clk 1:30:30]} 46. bxc4
{[%clk 1:30:30]} bxc4 {[%clk 1:30:30]} 47. a4 {[%clk 1:30:30]} Rd5 {[%clk
1:30:30]} 48. Rxc4 {[%clk 1:30:30]} Ra5 {[%clk 1:30:30]} 49. Rb4 {[%clk 1:30:30]}
Kf6 {[%clk 1:30:30]} 50. h4 {[%clk 1:30:30]} Kg6 {[%clk 1:30:30]} 51. Ke4 {[%clk
1:30:30]} Kf6 {[%clk 1:30:30]} 52. Kd3 {[%clk 1:30:30]} Ke6 {[%clk 1:30:30]} 53.
Ke3 {[%clk 1:30:30]} Kf6 {[%clk 1:30:30]} 54. Kd3 {[%clk 1:30:30]} Ke6 {[%clk
1:30:30]} 55. Ke4 {[%clk 1:30:30]} Kf6 {[%clk 1:30:30]} 56. Kd3 {[%clk 1:30:30]}
Ke6 {[%clk 1:30:30]} 57. Kc3 {[%clk 1:30:30]} Kd5 {[%clk 1:30:30]} 58. Rb5+
{[%clk 1:30:30]} Rxb5 {[%clk 1:30:30]} 59. axb5 {[%clk 1:30:30]} Kc5 {[%clk
1:30:30]} 60. g5 {[%clk 1:30:30]} Kxb5 {[%clk 1:30:30]} 61. gxh6 {[%clk 1:30:30]}
Kc5 {[%clk 1:30:30]} 62. h7 {[%clk 1:30:30]} Kd5 {[%clk 1:30:30]} 63. h8Q {[%clk
1:30:30]} Ke4 {[%clk 1:30:30]} 64. Qh7+ {[%clk 1:30:30]} Kd5 {[%clk 1:30:30]} 65.
Qf7+ {[%clk 1:30:30]} Ke4 {[%clk 1:30:30]} 66. h5 {[%clk 1:30:30]} d5 {[%clk
1:30:30]} 67. h6 {[%clk 1:30:30]} d4+ {[%clk 1:30:30]} 68. Kd2 {[%clk 1:30:30]}
d3 {[%clk 1:30:30]} 69. h7 {[%clk 1:30:30]} Kd4 {[%clk 1:30:30]} 70. h8Q {[%clk
1:30:30]} Kc5 {[%clk 1:30:30]} 71. Qd8 {[%clk 1:30:30]} Kb4 {[%clk 1:30:30]} 72.
Qfc7 {[%clk 1:30:30]} Ka3 {[%clk 1:30:30]} 73. Qdb8 {[%clk 1:30:30]} Ka2 {[%clk
1:30:30]} 74. Qca7# {[%clk 1:30:30]} 1-0